NFL Teams by Uniform - Statistics

General Stats
  • This quiz has been taken 1,128 times
  • The average score is 16 of 16
Answer Stats
Picture Answer % Correct
Green Bay Packers
100%
Denver Broncos
99%
Miami Dolphins
99%
Minnesota Vikings
99%
New England Patriots
99%
San Francisco 49ers
99%
Cincinnati Bengals
98%
Buffalo Bills
97%
Dallas Cowboys
97%
Indianapolis Colts
97%
Kansas City Chiefs
97%
Las Vegas Raiders
97%
New York Giants
97%
Philadelphia Eagles
97%
Seattle Seahawks
97%
Washington Football Team
96%
No matching quizzes found
Score Distribution
Percent of People with Each Score
Percentile by Number Answered
Your Score History
You have not taken this quiz